LIBRARY & INFORMATION CENTRE, KCAET, TAVANUR

ONLINE PUBLIC ACCESS CATALOGUE (OPAC)

Pathanam (Record no. 216)

MARC details
000 -LEADER
fixed length control field 00348cam a2200169ua 4500
041 ## - LANGUAGE CODE
Language code of text/sound track or separate title mal
082 ## - DEWEY DECIMAL CLASSIFICATION NUMBER
Classification number 894.8124
Item number VAS/PA
100 ## - MAIN ENTRY--AUTHOR NAME
Personal name Vasudevan nair, M T .
245 ## - TITLE STATEMENT
Title Pathanam
250 ## - EDITION STATEMENT
Edition statement 1 /
260 ## - PUBLICATION, DISTRIBUTION, ETC. (IMPRINT)
Place of publication :
Name of publisher Current books ,
Year of publication 1983.
300 ## - PHYSICAL DESCRIPTION
Number of Pages 145 ; .
650 ## - SUBJECT ADDED ENTRY--TOPICAL TERM
Topical Term Novel
942 ## - ADDED ENTRY ELEMENTS (KOHA)
Koha item type Books
Holdings
Withdrawn status Lost status Damaged status Home library Current library Date acquired Full call number Accession Number Koha item type Public note Cost, normal purchase price
Withdrawn     KAUAET KAUAET 15/11/2023 894.8124 VAS/PA 8980 Books   2.50
Withdrawn     KAUAET Malayalam University 07/04/2012 894.8124 8615 Books Transferred to Malayalam University  
free website counter